zpět

Detail výsledku týmu

U Pošty - Vinohrady ČT, Praha

Datum a čas kvízu

27.5 Celkem bodů Celkový počet nahraných bodů na tomto kvízu bez doplňovacích otázek.
11. Pořadí na kvízu Konečné umístění týmu na tomto kvízu.

Zaznamenané odpovědi

# Otázka Odpověď Body Výsledky
1. Jakou přezdívku si vysloužilo... Varle 0
2. Vydavatelství Oxford Universit... C 0
3. Kterou známou hollywoodskou he... Julii Roberts 0
4. Který asijský stát oznámil, že... Čína 1
5. Minulý týden se v Premier Leag... Manchester City, Erling Haaland 1
6. Jak jinak začít toto téma, než... žlutý trpaslík 0.5
7. Další otázku věnujme Zemi. Jed... 6378 km 1
8. Nyní se podíváme na planety, c... Uran; Venuše 0
9. Na řadě je rychlost planet. Co... B 0
10. Přiřaďte názvy těchto čtyř pla... 1B; 2D; 3C; 4A 0